| 000 -LEADER |
| fixed length control field |
03253 a2200325 4500 |
| 003 - CONTROL NUMBER IDENTIFIER |
| control field |
Nust |
| 005 - DATE AND TIME OF LATEST TRANSACTION |
| control field |
20170207165830.0 |
| 010 ## - LIBRARY OF CONGRESS CONTROL NUMBER |
| LC control number |
2005295348 |
| 020 ## - INTERNATIONAL STANDARD BOOK NUMBER |
| International Standard Book Number |
1402081545 (cased) |
| 020 ## - INTERNATIONAL STANDARD BOOK NUMBER |
| International Standard Book Number |
1402081553 (E-book) |
| 035 ## - SYSTEM CONTROL NUMBER |
| System control number |
(OCoLC)ocm56640597 |
| 040 ## - CATALOGING SOURCE |
| Transcribing agency |
Nust |
| 082 04 - DEWEY DECIMAL CLASSIFICATION NUMBER |
| Classification number |
303.4833 |
| 245 10 - TITLE STATEMENT |
| Title |
Building the E-service society (E-Book) |
| Remainder of title |
E-commerce, E-business, and E-government : IFIP 18th World Computer Congress TC6/TC8/TC11 4th International Conference on E-Commerce, E-Business, E-Government (13E 2004) 22-27 August 2004 Toulouse, France |
| Statement of responsibility, etc. |
edited by Winfried Lamersdorf, Volker Tschammer, St�ephane Amarger. |
| 260 ## - PUBLICATION, DISTRIBUTION, ETC. |
| Place of publication, distribution, etc. |
Boston ; |
| -- |
London : |
| Name of publisher, distributor, etc. |
Kluwer Academic, |
| Date of publication, distribution, etc. |
2004. |
| 300 ## - PHYSICAL DESCRIPTION |
| Extent |
xii, 489 p. : |
| Other physical details |
ill. ; |
| Dimensions |
25 cm. |
| 490 1# - SERIES STATEMENT |
| Series statement |
IFIP ; |
| Volume/sequential designation |
146 |
| 505 ## - FORMATTED CONTENTS NOTE |
| Formatted contents note |
E-Government Models and Processes.- Towards Key Business Process for E-Government.- An Intelligent Search Engine for Electronic Government Applications for the Resolutions of the United Nations Security Council.- Knowledge in E-Government.- E-Governance.- Democracy in the Electronic Government Era.- Usability Evaluation as Quality Assurance of E-Government Services.- Rethinking Trust and Confidence in European E-Government.- M-Commerce.- Exploring the Relationship Between Mobile Data Services Business Models and End-User Adoption.- Exploitation of Public and Private WiFi Coverage for New Business Models.- Supporting Salespersons Through Location Based Mobile Applications and Services.- Service Provisioning.- Application Service Provisioning as a Strategic Network.- Electronic Transmission of Prescriptions.- On Locations of Call Centres.- Purchase and Payment.- Fair Payment Prools for E-Commerce.- SEMOPS: Paying with Mobile Personal Devices.- E-Business Architectures and Processes.- VM-Flow.- Evolution of Service Processes by Rule Based Transformation.- Service Composition Applied to E-Government.- Infrastructures and Marketplaces.- Identity-Enriched Session Management.- Virtual Communities for SMEs: A Cautionary Tale of an Electronic Marketplace.- Analysis of a Yield Management Model for on Demand Computing Centers.- Value Chain Management.- The Seven-Step Model for E-Grocery Fulfilment.- E-Business Governance: A Co-Evolutionary Approach to E-Business Strategy Formulation.- Inter-Organisational Collaborations Supported by E-Contracts.- E-Business Models.- Joint Development of Novel Business Models.- Drivers and Barriers for E-Business: Evolution Over Time and Comparison Between SMEs and Large Companies.- Perceived Usefulness and Ease-Of-Use Items in B2C Electronic Commerce. |
| 650 #0 - SUBJECT ADDED ENTRY--TOPICAL TERM |
| Topical term or geographic name entry element |
Electronic commerce |
| 650 #0 - SUBJECT ADDED ENTRY--TOPICAL TERM |
| Topical term or geographic name entry element |
Information society |
| 650 #0 - SUBJECT ADDED ENTRY--TOPICAL TERM |
| Topical term or geographic name entry element |
Internet in public administration |
| 700 1# - ADDED ENTRY--PERSONAL NAME |
| Personal name |
Amarger, St�ephane. |
| 700 1# - ADDED ENTRY--PERSONAL NAME |
| Personal name |
Lamersdorf, Winfried. |
| 700 1# - ADDED ENTRY--PERSONAL NAME |
| Personal name |
Tschammer, Volker. |
| 710 2# - ADDED ENTRY--CORPORATE NAME |
| Corporate name or jurisdiction name as entry element |
International Federation for Information Processing. |
| 830 #0 - SERIES ADDED ENTRY--UNIFORM TITLE |
| Uniform title |
Internation Federation for Information processing (Series) ; |
| 856 41 - ELECTRONIC LOCATION AND ACCESS |
| Materials specified |
Contributor biographical information |
| Uniform Resource Identifier |
<a href="http://www.loc.gov/catdir/enhancements/fy0823/2005295348-b.html">http://www.loc.gov/catdir/enhancements/fy0823/2005295348-b.html</a> |
| 856 41 - ELECTRONIC LOCATION AND ACCESS |
| Materials specified |
Publisher description |
| Uniform Resource Identifier |
<a href="http://www.loc.gov/catdir/enhancements/fy0823/2005295348-d.html">http://www.loc.gov/catdir/enhancements/fy0823/2005295348-d.html</a> |
| 856 41 - ELECTRONIC LOCATION AND ACCESS |
| Materials specified |
Table of contents |
| Uniform Resource Identifier |
<a href="http://www.loc.gov/catdir/toc/fy053/2005295348.html">http://www.loc.gov/catdir/toc/fy053/2005295348.html</a> |
| 942 ## - ADDED ENTRY ELEMENTS (KOHA) |
| Source of classification or shelving scheme |
|
| Koha item type |
Book |